Score 0/20 Timer 02:00
0 Plays Today
Clue 3-Letter Word % Correct
'Man's best friend'DOG
99.8%
Not againstFOR
96.3%
London weather featureFOG
96.2%
Off in the distanceFAR
94.9%
Exam for US HS JuniorsSAT
91.7%
Pet that goes 'meow'CAT
90.9%
Bowling targetPIN
89.8%
Head coveringHAT
88.9%
A way to get to 1st baseHIT
84.2%
Sloth or lust, e.g.SIN
83.9%
Clue 3-Letter Word % Correct
Blood of a birch?SAP
82.7%
Present tense of [Rung 7]?SIT
82%
Tool to get a [Rung 18]BAT
79.1%
A baby [Rung 1]PUP
79.1%
A place with a publicanBAR
76.1%
Have dinnerSUP
75.3%
Strawberry rhubarb, e.g.PIE
74.2%
A cube covered in [Rung 11]sDIE
49.9%
A spot on a [Rung 13]PIP
42.1%
Roger Rabbit's corrosive fearDIP
35.7%

Today's Daily Dose

Remove Ads.
Support Sporcle.
Get the best of Sporcle when you Go Orange. This ad-free experience offers more features, more stats, and more fun while also helping to support Sporcle. Thank you for becoming a member.

You're not logged in!

Compare scores with friends on all Sporcle quizzes.
OR
Log In

Show Comments

Extras

Top Quizzes Today


Score Distribution

Your Account Isn't Verified!

In order to create a playlist on Sporcle, you need to verify the email address you used during registration. Go to your Sporcle Settings to finish the process.

Report this User

Report this user for behavior that violates our Community Guidelines.

Details: